000 00641nam a2200181Ia 4500
008 151018s9999 xx 000 0 und d
082 _bRBASDV41310
_a910
100 _aकुंटे जगन्नाथ
245 _aनमदे हर हर महादेव
250 _b1
260 _b"प्राजक्त प्रकाशन, पुणे "
_c2005
300 _a256
600 _aकुंटे जगन्नाथ
630 _aनमदे हर हर महादेव
700 _aकुंटे जगन्नाथ
730 _aनमदे हर हर महादेव
942 _cBOOK
999 _c1040582
_d1040579